[Event "Novosibirsk op"]
[Site "Novosibirsk"]
[Date "2009.02.21"]
[Round "8"]
[White "Ruban, Roman"]
[Black "Kuzmin, Sergei"]
[Result "0-1"]
[WhiteElo "1942"]
[BlackElo "2098"]
[PlyCount "78"]
[EventDate "2009.02.07"]
[EventType "swiss"]
[EventRounds "9"]
[EventCountry "RUS"]
[SourceTitle "EXT 2012"]
[Source "ChessBase"]
[SourceDate "2011.11.24"]
[SourceVersion "1"]
[SourceVersionDate "2011.11.24"]
[SourceQuality "1"]

1. e4 c6 2. Nc3 d5 3. Qf3 dxe4 4. Nxe4 g6 5. Bc4 e6 6. c3 f5 7. Ng3 e5 8. d3 Nd7 9. N1e2 Nb6 10. Bb3 Qf6 11. 0-0 Be6 12. Bxe6 Qxe6 13. Re1 0-0-0 14. a4 Qd5 15. Qxd5 Rxd5 16. d4 Bg7 17. dxe5 Bxe5 18. Nf4 Bxf4 19. Bxf4 Nf6 20. Be5 Rf8 21. b3 Nbd7 22. Bf4 Nc5 23. b4 Nd3 24. Bh6 Rf7 25. Re2 Ng4 26. Bg5 f4 27. Ne4 f3 28. gxf3 Rxf3 29. Be3 Nxe3 30. Rxe3 Rxe3 31. fxe3 Re5 32. Nf2 Rxe3 33. Nxd3 Rxd3 34. Rf1 Rxc3 35. a5 Rd3 36. Rf8+ Kc7 37. Rf7+ Rd7 38. Rf6 b6 39. axb6+ Kxb6 0-1

[Event "Novosibirsk Elo"]
[Site "Novosibirsk"]
[Date "2008.02.20"]
[Round "10"]
[White "Tyu, Nikolai"]
[Black "Ruban, Roman"]
[Result "1-0"]
[WhiteElo "2057"]
[BlackElo "1997"]
[PlyCount "83"]
[EventDate "2008.02.09"]
[EventType "tourn"]
[EventRounds "11"]
[EventCountry "RUS"]
[SourceTitle "EXT 2009"]
[Source "ChessBase"]
[SourceDate "2008.11.26"]
[SourceVersion "1"]
[SourceVersionDate "2008.11.26"]
[SourceQuality "1"]

1. d4 Nf6 2. c4 g6 3. Nc3 Bg7 4. e4 d6 5. f4 0-0 6. Nf3 Nbd7 7. Bd3 e5 8. fxe5 dxe5 9. dxe5 Ng4 10. Bg5 Qe8 11. Nd5 Ngxe5 12. 0-0 Nxf3+ 13. Qxf3 Ne5 14. Qg3 Qe6 15. Bf6 Bxf6 16. Nxf6+ Kg7 17. Nh5+ Kg8 18. Nf6+ Kg7 19. Be2 Nd7 20. Nd5 Qxe4 21. Rae1 a5 22. Rf4 Qe5 23. Bg4 Qxb2 24. Ne7 Nb6 25. Bxc8 Nxc8 26. Rf2 Qb6 27. Nd5 Qd4 28. Nxc7 Ra7 29. Nb5 Qxc4 30. Nxa7 Nxa7 31. Qe5+ f6 32. Qxa5 Nc6 33. Qb6 Rf7 34. h3 Ne5 35. Ref1 f5 36. Qb2 Re7 37. Re1 Qc5 38. Kh1 Kf7 39. Rfe2 Nc6 40. Qb3+ Kf6 41. Rxe7 Nxe7 42. Qe6+ 1-0

[Event "Novosibirsk Elo"]
[Site "Novosibirsk"]
[Date "2008.02.13"]
[Round "4"]
[White "Ruban, Roman"]
[Black "Kuzmin, Sergei"]
[Result "0-1"]
[WhiteElo "1997"]
[BlackElo "2126"]
[PlyCount "78"]
[EventDate "2008.02.09"]
[EventType "tourn"]
[EventRounds "11"]
[EventCountry "RUS"]
[SourceTitle "EXT 2009"]
[Source "ChessBase"]
[SourceDate "2008.11.26"]
[SourceVersion "1"]
[SourceVersionDate "2008.11.26"]
[SourceQuality "1"]

1. e4 c5 2. Nc3 Nc6 3. g3 Nf6 4. Bg2 g6 5. d3 Bg7 6. Be3 d6 7. Qd2 0-0 8. Bh6 Rb8 9. Bxg7 Kxg7 10. f4 Nd4 11. h3 b5 12. g4 b4 13. Nce2 Nxe2 14. Nxe2 a5 15. Ng3 Qc7 16. g5 Nd7 17. 0-0-0 c4 18. dxc4 Qxc4 19. Kb1 Nb6 20. f5 Qc5 21. Rhf1 Nc4 22. f6+ Kg8 23. Qf4 exf6 24. gxf6 Qe5 25. Qxe5 dxe5 26. Rf3 Be6 27. Nf1 Rfd8 28. Rfd3 Rxd3 29. Rxd3 h6 30. b3 Na3+ 31. Kb2 Nb5 32. Ne3 g5 33. Ng4 Bxg4 34. hxg4 Nc3 35. Rd7 Rb6 36. Re7 Rxf6 37. Rxe5 Rf2 38. Bh3 Re2 39. Rxa5 Re1 0-1

[Event "Novosibirsk"]
[Site "Novosibirsk"]
[Date "2007.02.18"]
[Round "11"]
[White "Egitov, Alexey"]
[Black "Ruban, Roman"]
[Result "0-1"]
[WhiteElo "2002"]
[BlackElo "1986"]
[PlyCount "48"]
[EventDate "2007.02.04"]
[EventType "tourn"]
[EventRounds "11"]
[EventCountry "RUS"]
[SourceTitle "EXT 2010"]
[Source "ChessBase"]
[SourceDate "2010.11.25"]
[SourceVersion "1"]
[SourceVersionDate "2010.11.25"]
[SourceQuality "1"]

1. e4 Nf6 2. e5 Nd5 3. d4 d6 4. Nf3 Bg4 5. Be2 e6 6. 0-0 Be7 7. c4 Nb6 8. Nc3 Nc6 9. exd6 cxd6 10. d5 exd5 11. cxd5 Bxf3 12. Bxf3 Ne5 13. Be4 0-0 14. f4 Ng6 15. Qh5 Bf6 16. g4 Re8 17. Bc2 Qc7 18. Qh3 Qc5+ 19. Kh1 Nxd5 20. f5 Nf8 21. Bd2 Nxc3 22. bxc3 Re2 23. Qd3 Qc6+ 24. Rf3 Rxd2 0-1

[Event "Novosibirsk"]
[Site "Novosibirsk"]
[Date "2007.02.13"]
[Round "6"]
[White "Ruban, Roman"]
[Black "Kuzmin, Sergey"]
[Result "1/2-1/2"]
[WhiteElo "1986"]
[BlackElo "2249"]
[PlyCount "88"]
[EventDate "2007.02.04"]
[EventType "tourn"]
[EventRounds "11"]
[EventCountry "RUS"]
[SourceTitle "EXT 2010"]
[Source "ChessBase"]
[SourceDate "2010.11.25"]
[SourceVersion "1"]
[SourceVersionDate "2010.11.25"]
[SourceQuality "1"]

1. e4 e5 2. Bc4 Bc5 3. Nf3 Nc6 4. d3 Nf6 5. c3 d6 6. Nbd2 0-0 7. Bb3 Bg4 8. Nf1 d5 9. Qe2 h6 10. Ng3 Re8 11. 0-0 a5 12. h3 Be6 13. Kh2 dxe4 14. dxe4 Bxb3 15. axb3 Bf8 16. Rd1 Qc8 17. Nf5 Qe6 18. b4 Rad8 19. Rxd8 Rxd8 20. g4 Ne7 21. N3h4 Nxf5 22. Nxf5 Qc6 23. f3 Kh7 24. g5 Ng8 25. Be3 Qd7 26. gxh6 g6 27. Ng3 Qd3 28. Kg2 Bxh6 29. Re1 c6 30. Kf2 Nf6 31. h4 Rd7 32. Bg5 Ne8 33. Bxh6 Kxh6 34. h5 Ng7 35. hxg6 fxg6 36. Qxd3 Rxd3 37. Ke2 Rd7 38. Ke3 Ne6 39. Ne2 c5 40. bxc5 Nxc5 41. b4 Rd3+ 42. Kf2 Ne6 43. Rh1+ Kg7 44. Rc1 Ng5 1/2-1/2